[Event "Charleville Mezieres op 5th"]
[Site "Charleville Mezieres"]
[Date "2008.??.??"]
[Round "4"]
[White "Matschek, Norbert"]
[Black "Josset, Maxime"]
[Result "1-0"]
[WhiteElo "1766"]
[BlackElo "1350"]
[PlyCount "52"]
[EventDate "2008.12.26"]
[EventType "swiss"]
[EventRounds "7"]
[EventCountry "FRA"]
[SourceTitle "CBM 128 Extra"]
[Source "ChessBase"]
[SourceDate "2009.03.05"]
[SourceVersion "2"]
[SourceVersionDate "2009.03.25"]
[SourceQuality "1"]

1. e4 e6 2. f4 d5 3. e5 c5 4. Nf3 Nc6 5. c3 Nge7 6. Na3 a6 7. Nc2 g6 8. d4 c4 9. b3 cxb3 10. axb3 Bg7 11. Ne3 0-0 12. c4 Nb4 13. Ba3 Qa5 14. Qd2 Nec6 15. Be2 Qb6 16. c5 Qa5 17. 0-0 Qc7 18. Bxb4 Rb8 19. Ba5 Nxa5 20. Qxa5 Qc6 21. Rfc1 Qd7 22. b4 b6 23. cxb6 Qb7 24. Bxa6 Qxa6 25. Qxa6 Bxa6 26. Rxa6 Rb7 1-0